The last tsar : the life and death of Nicholas II
Αποθηκεύτηκε σε:
| Κύριος συγγραφέας: | |
|---|---|
| Μορφή: | Βιβλίο |
| Γλώσσα: | English Russian |
| Δημοσίευση: |
New York :
Anchor Books,
c1992.
|
| Θέματα: | |
| Ετικέτες: |
Προσθήκη ετικέτας
Δεν υπάρχουν, Καταχωρήστε ετικέτα πρώτοι!
|
MARC
| LEADER | 00000nam a2200000 a 4500 | ||
|---|---|---|---|
| 001 | 1/126817 | ||
| 008 | 230608s1992####nyua ||| |||| ||eng|| | ||
| 020 | |a 0385469624 | ||
| 040 | |a GR-MyUa |b gre |c GR-MyUa |e AACR2 | ||
| 041 | 1 | |a eng |h rus | |
| 082 | 7 | |a 947.083092 |2 (23) | |
| 100 | 1 | |a Radzinskii, Edvard. | |
| 245 | 1 | 4 | |a The last tsar : |b the life and death of Nicholas II / |c Edvard Radzinsky ; translated from the russian by Marian Schwartz. |
| 260 | |a New York : |b Anchor Books, |c c1992. | ||
| 300 | |a 475 σ. : |b εικ. ; |c 24 εκ. | ||
| 500 | |a Τίτλος πρωτοτύπου: Zhin' i smert' Nicolaia II. | ||
| 504 | |a Βιβλιογραφία: σ. 453-457. Ευρετήριο. | ||
| 600 | 0 | 0 | |a Nicholas |b II, |c Emperor of Russia, |d 1868-1918. |
| 650 | 0 | |a Emperors |z Russia |v Biography. | |
| 651 | 0 | |a Russia |x History |y Nicholas II, 1894-1917. | |
| 852 | |a INST |b LESVOS |e 20230608 |h 947.083092 RAD |p 005100064965 |q 005100064965 |t BK |y 0 | ||
| 970 | |a Καμάτσου |b Δέσποινα |z 08-06-2023 | ||